| 000 | 00709nam a2200229 a 4500 | ||
|---|---|---|---|
| 005 | 20151109141735.0 | ||
| 008 | 151109b xxu||||| |||| 00| 0 spa d | ||
| 040 |
_aCO-BoIAVH _cCO-BoIAVH |
||
| 041 | _aeng | ||
| 090 |
_aLB _b05658 |
||
| 100 |
_aLloyd, J.W. _941161 |
||
| 110 |
_bSubtropical Thicket Ecosystem Planning Project, STEP _941162 |
||
| 245 | _aPatterns of transformation and degradation in the thicket biome, South Africa | ||
| 260 |
_aGrahamstown _bAgricultural Research Council _c2002 |
||
| 300 | _a190 p. | ||
| 650 |
_aArbustos _941163 |
||
| 650 |
_aMatorrales _941164 |
||
| 662 | _aSuráfrica | ||
| 700 |
_aBerg, E.C. van den _941165 |
||
| 700 |
_aPalmer, A.R. _941166 |
||
| 942 |
_cINFORME _2z |
||
| 999 |
_c7138 _d7138 |
||